000 00418nam a2200157Ia 4500
005 20251020182613.0
008 200515s9999 xx 000 0 und d
082 _aSC/69.057.2/I50/1991/1
110 _aIninvi
245 0 _aSistemas constructivos no convencionales para la edificación de viviendas aprobados en el Perú
260 _aLima
260 _c1991
300 _a394
650 _aVIVIENDAS
942 _cLIB
999 _c3415
_d3415